Architectural principles in the age of humanism. (Record no. 95582)
[ view plain ]
| 000 -LEADER | |
|---|---|
| fixed length control field | 00686cam a2200229 4500 |
| 008 - FIXED-LENGTH DATA ELEMENTS--GENERAL INFORMATION | |
| fixed length control field | |
| 090 ## - LOCALLY ASSIGNED LC-TYPE CALL NUMBER (OCLC); LOCAL CALL NUMBER (RLIN) | |
| Classification number (OCLC) (R) ; Classification number, CALL (RLIN) (NR) | NA520 |
| 003 - CONTROL NUMBER IDENTIFIER | |
| control field | |
| 005 - DATE AND TIME OF LATEST TRANSACTION | |
| control field | 20230120131028.0 |
| 040 ## - CATALOGING SOURCE | |
| Transcribing agency | NUST |
| 049 ## - LOCAL HOLDINGS (OCLC) | |
| Holding library | MAIN |
| 100 10 - MAIN ENTRY--PERSONAL NAME | |
| Personal name | Wittkower, Rudolf. |
| 245 10 - TITLE STATEMENT | |
| Title | Architectural principles in the age of humanism. |
| 260 0# - PUBLICATION, DISTRIBUTION, ETC. | |
| Place of publication, distribution, etc. | London : |
| Name of publisher, distributor, etc. | A. Tiranti, |
| Date of publication, distribution, etc. | 1952. |
| 300 ## - PHYSICAL DESCRIPTION | |
| Extent | xi, 144 p. |
| Other physical details | ill., plans. |
| Dimensions | 23 cm. |
| 504 ## - BIBLIOGRAPHY, ETC. NOTE | |
| Bibliography, etc. note | Includes bibliographical references. |
| 650 #0 - SUBJECT ADDED ENTRY--TOPICAL TERM | |
| Topical term or geographic name entry element | Architecture, Renaissance. |
| 650 #0 - SUBJECT ADDED ENTRY--TOPICAL TERM | |
| Topical term or geographic name entry element | Architecture |
| Geographic subdivision | Italy. |
| 650 #0 - SUBJECT ADDED ENTRY--TOPICAL TERM | |
| Topical term or geographic name entry element | Architecture |
| General subdivision | Composition, proportion, etc. |
| 907 ## - LOCAL DATA ELEMENT G, LDG (RLIN) | |
| a | .b1019048x |
| b | 24-01-07 |
| c | 06-02-06 |
| 942 ## - ADDED ENTRY ELEMENTS (KOHA) | |
| Koha item type | Ordinary Loan Books |
| Call number prefix | NA520 |
| Date last seen | Total Checkouts | Full call number | Barcode | Cost, replacement price | Price effective from | Koha item type | Lost status | Source of classification or shelving scheme | Damaged status | Not for loan | Collection | Withdrawn status | Home library | Current library | Shelving location | Date acquired | Cost, normal purchase price |
|---|---|---|---|---|---|---|---|---|---|---|---|---|---|---|---|---|---|
| 01/20/2023 | NA520 WIT. | 92004003393 | 80.00 | 01/20/2023 | BOOKS | LCC | NFIC | FOBE | FOBE | GEN | 01/20/2023 | 80.00 |